01586cam a22004574i 4500003000900000005001700009008004100026035001900067035001900086040003300105082002200138100004500160245013100205264009200336300003900428336002100467337002500488338002300513500012900536526001000665526001000675526000900685526000900694526000900703526000900712526000900721526000900730526000900739526000800748526000800756526000800764526000800772526000800780600004000788600004400828600007800872650002100950651005800971651005101029651004801080PE-LiUPU20250731165552.0150625s r 000 0 d a(Sirsi) a34572 a(Sirsi) a34572 aPE-LiUPUbspacPE-LiUPUerda04a985.04bL521h2231 aLeguía y Martínez, Germán,eautor.10aHistoria de la emancipación del Perú :bel protectoradon6 /cGermán Leguía y Martínez ; prólogo de Alberto Tauro. 1aLima :bComisión Nacional del Sesquicentenario de la Independencia del Perú,c1972. a522 páginas ;c24 centímetros. atext2rdacontent aunmediated2rdamedia avolume2rdacarrier aPublicaciones de la Comisión Nacional del Sesquicentenario de la Independencia del Perú. Año de los censos nacionales. aSEG44 aSEG26 aP151 aP150 aP149 aP146 aP145 aP126 aP125 aP92 aP75 aP74 aP27 aP151 aSan Martín, José de.d1778-18501 aReyes y Buitrón, Andrés.d1780-18561 aTorre Tagle, José Bernardo Tagle y PortocarreroMarqués de.d1779-182504aPanamericanismo. aPerúxHistoriayExpedición Libertadora, 1808-1824 aArgentinaxHistoriayEmancipación, 1810-1817 aChilexHistoriayEmancipación, 1810-1830.